<?xml version="1.0" encoding="UTF-8"?>
<record
    xmlns:xsi="http://www.w3.org/2001/XMLSchema-instance"
    xsi:schemaLocation="http://www.loc.gov/MARC21/slim http://www.loc.gov/standards/marcxml/schema/MARC21slim.xsd"
    xmlns="http://www.loc.gov/MARC21/slim">

  <leader>00431nam a22001577a 4500</leader>
  <controlfield tag="003">OSt</controlfield>
  <controlfield tag="005">20260407111133.0</controlfield>
  <controlfield tag="008">260407b        |||||||| |||| 00| 0 eng d</controlfield>
  <datafield tag="020" ind1=" " ind2=" ">
    <subfield code="a">9789350676318</subfield>
  </datafield>
  <datafield tag="040" ind1=" " ind2=" ">
    <subfield code="c">Donated</subfield>
  </datafield>
  <datafield tag="082" ind1=" " ind2=" ">
    <subfield code="2">1st</subfield>
    <subfield code="a">658/Pan</subfield>
    <subfield code="b">SBPIMD295</subfield>
  </datafield>
  <datafield tag="100" ind1=" " ind2=" ">
    <subfield code="a">Pandit,Viveik</subfield>
    <subfield code="9">4986</subfield>
  </datafield>
  <datafield tag="245" ind1=" " ind2=" ">
    <subfield code="a">21 New Beginnings</subfield>
    <subfield code="b">True Strories of Oddity, Hope &amp; Change</subfield>
    <subfield code="h">English</subfield>
  </datafield>
  <datafield tag="300" ind1=" " ind2=" ">
    <subfield code="a">290</subfield>
  </datafield>
  <datafield tag="942" ind1=" " ind2=" ">
    <subfield code="2">ddc</subfield>
    <subfield code="c">DBK</subfield>
    <subfield code="e">1st</subfield>
    <subfield code="k">658</subfield>
    <subfield code="m">Pan</subfield>
    <subfield code="n">0</subfield>
  </datafield>
  <datafield tag="999" ind1=" " ind2=" ">
    <subfield code="c">203469</subfield>
    <subfield code="d">203469</subfield>
  </datafield>
  <datafield tag="952" ind1=" " ind2=" ">
    <subfield code="r">2026-04-07 11:12:30</subfield>
    <subfield code="l">0</subfield>
    <subfield code="o">658/Pan</subfield>
    <subfield code="p">SBPIMD295</subfield>
    <subfield code="w">2026-04-07</subfield>
    <subfield code="y">DBK</subfield>
    <subfield code="z">Management</subfield>
    <subfield code="1">0</subfield>
    <subfield code="2">ddc</subfield>
    <subfield code="4">0</subfield>
    <subfield code="7">0</subfield>
    <subfield code="0">0</subfield>
    <subfield code="a">SBPIM</subfield>
    <subfield code="b">SBPIM</subfield>
    <subfield code="c">GEN</subfield>
    <subfield code="d">2026-04-06</subfield>
    <subfield code="g">393.00</subfield>
    <subfield code="C">Donated</subfield>
    <subfield code="N">393</subfield>
    <subfield code="L">ENGLISH</subfield>
  </datafield>
</record>
